000
00323nam a2200121Ia 4500
008
240624s9999 xx 000 0 und d
041
_a
eng
082
_a
338.5024658 PET
100
_a
PETERSEN CRAIG H
245
_a
MANAGERIAL ECONOMICS
260
_c
2007
_a
India
_b
Pearson Education India
300
_a
xv, : 622 : p. : cm. ; 24
999
_c
8790
_d
8790